LEADER 00806nam a2200205 i 4500 001 000000182023 003 CaOOAMICUS 005 20100505000000.0 008 100505s1936 it u000 u fre u 013 $a159950 040 $aSeMil$bita 100 1 $aDalbiez, Roland.$0(OLS)http://semarc/name/7439 245 10$aDiscussion /$cRoland Dalbiez. 300 $a528 p. 490 0 $aBibliothèque de philosophie medicale 773 0 $aDalbiez, Roland$tMéthode psychanalytique et la doctrine freudienne.$dParis : Desclée de Brouwer & Cie, 1936.$gTome2$w()16103 830 0$aBibliothèque de philosophie medicale.$0(OLS)http://semarc/title/20721 850 $aSeMil 852 $aSeMil$W1$xVenegono$y1$m2F IV 69$j132727$B132727$CSeMilBibl$Z2$F151481 $81 996 $6245$aDiscussion$9(OLS)http://semarc/title/261231 LEADER 00862nam a2200181 i 4500 001 000000090323 003 CaOOAMICUS 005 20160215000000.0 008 160215s1818 it u000 u ita u 013 $a62565 026 $ain,e ri,o a-r- rail (3) 1818 (A) 040 $aSeMil$bita 245 10$aParte 1. 300 $aXXII, [2], 479, [1] p., [1] carta di tav. :$britr. calcogr. 773 0 $aPerrimezzi, Giuseppe Maria <1670-1740>$tVita di S. Francesco di Paola fondatore dell'ordine de' Minimi scritta da monsignor Giuseppe Maria Perrimezzi dello stesso ordine ... divisa in due parti. ... Parte 1. [-2.].$bEdizione diligentemente ricorretta.$dVenezia : Sai Torchi di Pietro Nardini, 1818.$g1$w()11790 850 $aSeMil 852 $aSeMil$W1$xVenegono$y1$m3J V 44 FA$j53291$B53291$CSeMilBibl$Z2$F57924 $8I 996 $6245$aParte 1$9(OLS)http://semarc/title/49080